000 01062cam a2200337 a 4500
001 4344
003 FISKH
005 20250331113909.0
008 050324s2006 nyua b 000 1 eng
010 _a 2005007645
020 _a0439794315 (pbk.)
040 _aDLC
_cDLC
_dDLC
_beng
050 _aPZ8.D3888
082 _a160
100 1 _aDemas, Corinne.
245 1 0 _aYuck! stuck in the muck /
_cby Corinne Demas ; illustrated by Laura Rader.
260 _aNew York :
_bScholastic,
_c2006.
300 _a32 unnumbered pages :
_bcolor illustrations ;
_c23 cm
440 0 _aScholastic reader.
_nLevel 1
505 _aG
520 _aWhen Dog chases Duck into the swamp and is stuck, several attempts to pluck him out leave his rescuers also stuck.
521 8 _a360
_bLexile AD
521 8 _aG
_bRaz-Plus
650 1 _aDucks
_vFiction.
650 1 _aDogs
_vFiction.
650 1 _aSwamps
_vFiction.
700 1 _aRader, Laura,
_eillustrator
906 _a7
_bcbc
_corignew
_d1
_eecip
_f20
_gy-gencatlg
942 _2ddc
_cBK
_n0
999 _c4344
_d4344